Cenozoic Quiz - Statistics

General Stats
  • This quiz has been taken 64 times
  • The average score is 14 of 21
Answer Stats
Hint Answer % Correct
Hairy elephant mammoth
91%
Space object that wiped them out asteroid
87%
Giant shark that had massive teeth megalodon
81%
Feline relative with giant fangs saber-toothed cat
81%
Titanoboa- largest of these reptiles ever found snake
81%
Reptile group that went extinct (except birds!) right before the Cenozoic dinosaur
80%
Paraceratherium was a giant hornless relative of these modern mammals rhinoceros
78%
Giant flightless bird of New Zealand Moa
76%
A robust ancestor of ours often stereotyped as cave-dwellers Neanderthal
70%
This "upright man" had a name that sounds dirty Homo erectus
69%
Ambulocetus had this body part modern whales lack legs
67%
These covered large portions of land during the ice ages glaciers
65%
Giant flightless birds of prey terror bird
65%
term for large animals, often associated with ice age mammals megafauna
61%
Famous Australopithecus specimen named after a Beatles song Lucy
52%
landform that allowed animals & people to walk from Siberia to Alaska land bridge
50%
Oil pools that preserved thousands of ice age animals tar pits
50%
The officially unrecognized "age of man" that comes after the Holocene Anthropocene
48%
The "third" period that formerly made up most of this era Tertiary
46%
The "fourth" and most recent geologic period Quarternary
39%
Our "other", more mysterious ancestor found in a cave in Siberia Denisovan
24%
No matching quizzes found
Score Distribution
Percent of People with Each Score
Percentile by Number Answered
Your Score History
You have not taken this quiz